000 00582nam a2200229Ia 4500
003 OSt
005 20221007072436.0
006 a|||||r|||| 00| 0
007 ta
008 221006b |||||||| |||| 00| 0 eng d
024 _a12,838
037 _cTextual
040 _aFLL
_cFLL
_beng
041 _2eng
_aeng
082 _aV3:28:9Z, H5
100 _aAllen C.K. Au.
245 0 _aLaw and orders
260 _aLondon
_bStevens and sons London
_c1945
300 _a385p
_ccm.
942 _hV3:28:9Z, H5
_cTEXL
_2CC
999 _c1146070
_d1146070